| 000 | 00623nam a2200193 a 4500 | ||
|---|---|---|---|
| 001 | BRCA_2290 | ||
| 005 | 20190320203738.0 | ||
| 008 | spas1973----mx-a---###---#000-0#spa-# | ||
| 050 | 4 |
_aF1386 _b.N93 1973 |
|
| 100 | 1 |
_aNovo, Salvador _d1904-1974 _9994 |
|
| 245 | 1 | 0 |
_aUn año, hace ciento _bla ciudad de México en 1873 _crecorrida y comentada por Salvador Novo. |
| 260 |
_aMéxico _bPorrúa _c1973 |
||
| 300 |
_a178, 93 p. _bil. _c24 cm. |
||
| 651 | 4 |
_aMéxico (Ciudad) _xDescripción _96858 |
|
| 651 | 4 |
_aMéxico (Ciudad) _xHistoria _95378 |
|
| 653 | 0 | _aVida cotidiana | |
| 740 | 0 | _ala ciudad de México en 1873 | |
| 942 |
_2lcc _cB |
||
| 999 |
_c2035 _d2035 |
||